000 00319nam a22001457a 4500
008 230524b ||||| |||| 00| 0 eng d
020 _a9782264072955
041 _aFRA
080 _a82
082 _a82O'FA
100 _a38
101 _aGJL
245 _aASSEZ DE BLEU DANS LE CIEL
_cO'FARRELL.M
942 _2udc
_cBK
999 _c59829
_d59829